Flagi krajów Bałkańskich - Statystyki

Ogólne statystyki
  • Ten quiz został rozwiązany 43 razy
  • Średni wynik to 10 z 10
Statystyki odpowiedzi
Obrazkowy Odpowiedź % Poprawnych
Albania
100%
Bośnia i Hercegowina
100%
Grecja
100%
Macedonia Północna
100%
Słowenia
100%
Turcja
100%
Bułgaria
97%
Czarnogóra
97%
Kosowo
97%
Serbia
95%
Nie znaleziono quizów pasujących do podanych kryteriów
Rozkład punktacji
Procent ludzi z każdym wynikiem
Percentyl według liczby udzielonych odpowiedzi
Twoja historia wyników
Nie rozwiązałeś tego quizu